| 000 | | | 03656nmc2a22002413x 450 |
| 001 | | | c27152f9-8f64-4d8d-8bb3-77a282bd2c64 |
| 005 | | | 20260209145359.0 |
| 100 | ## | $a | 20250905l18531854k l0rusy0189 ca |
| 101 | 0# | $a | rus |
| 102 | ## | $a | RU |
| 105 | ## | $a | y### |
| 122 | 2# | $a | d |
| 200 | 1# | $a | Дело о составлении новых правил и форм для действий, и отчетности по книжному магазину Департамента народного просвещения |
| | $j | 16 октября 1853 г. - 31 июля 1854 г. |
| 215 | ## | $a | 69 л. |
| | $d | 36,5х26 см |
| 251 | ## | $c | Дело |
| 300 | ## | $a | На бланке обложки указано: "Отделение четвертое. Стол второй, счетный" |
| 371 | ## | $a | Документ не является опубликованным и широко распространяемым |
| 461 | #0 | $1 | 001a74412a3-3cc5-4d21-8f0a-dfe2fbd9e72d |
| | $1 | 2001 |
| | $a | Департамент народного просвещения Министерства народного просвещения (1803-1917) |
| | $1 | 251 |
| | $c | Фонд |
| | $1 | 852 |
| | $j | 733 |
| 462 | #0 | $1 | 001a6622fb3-31f3-4f49-aac3-243f6793e8d6 |
| | $1 | 2001 |
| | $a | Дела Департамента народного просвещения за 1818-1862 годы |
| | $1 | 251 |
| | $c | Опись |
| | $1 | 852 |
| | $j | 113 |
| 801 | #0 | $a | RU |
| | $b | РГИА |
| | $c | 20250905 |
| | $g | RCR |
| 801 | #1 | $a | RU |
| | $b | ГлавНИВЦ |
| | $c | 20250905 |
| | $2 | rusmarc |
| 801 | #2 | $a | RU |
| | $b | ПБ им. Б.Н. Ельцина |
| | $c | 20260209 |
| | $g | RCR |
| | $2 | rusmarc |
| 850 | ## | $a | РГИА |
| 852 | ## | $a | РГИА |
| | $e | Федеральное казенное учреждение "Российский государственный исторический архив" (РГИА) |
| | $j | 141 |
| 937 | ## | $h | РГИА |
| | $d | 12094974 |
| | $a | ASBIBLIO_SCAN |
| 035 | ## | $a | RusGRCC00089098 |
| 856 | ## | $u | http://readingroom.main.prlib.ru/item.aspx?id_node=n200393796&mode=full |